000 00262nam a2200097Ia 4500
001 1103372
005 20250827003339.0
008 250824s9999 xx 000 0 und d
245 0 _aABDÜLHAMİTİN KURTLARLA DANSI 2
_cMUSTAFA ARMAĞAN
260 _bKETEBE YAYINLARI
999 _c1103372
_d1103372